000 00472nam a2200181Ia 4500
008 240925s9999 xx 000 0 und d
020 _a9780470547564
082 _a629.8 NIS
100 _aNise, Norman S.
245 0 _aControl Systems Engineering
250 _a6th
260 _aNew Jersey:
_bJohn wiley & Sons
_c,2011.
300 _axi,404p.
_bN.A
_fOriginal
500 _aIncludes Index
600 _aEngineering Technology
650 _aTechnology
942 _cBK
999 _c11553
_d11553